书目信息 |
| 题名: |
时间的本质
|
|
| 作者: | 威特罗 著 ;邝桃生 , 文荆江 译 | |
| 分册: | ||
| 出版信息: | 北京 科学出版社 1982 |
|
| 页数: | 127页 | |
| 开本: | 19cm | |
| 丛书名: | ||
| 单 册: | ||
| 中图分类: | O412.1 | |
| 科图分类: | ||
| 主题词: | 时间-相对论 , 相对论-时间 | |
| 电子资源: | ||
| ISBN: | ||
| 000 | 00730nam0 2200253 45 | |
| 001 | 0182005977 | |
| 005 | 20060817171724.57 | |
| 010 | @dCNY0.55 | |
| 100 | @a19950622d1982 em y0chiy0121 ea | |
| 101 | 1 | @achi@ceng |
| 102 | @aCN@b110000 | |
| 105 | @ay z 000yy | |
| 200 | 10 | @a时间的本质@Ashi jian de ben zhi@f(英)G·J·威特罗著@F(ying)G·J·wei te luo zhu@g文荆江,邝桃生译 |
| 210 | @a北京@c科学出版社@d1982 | |
| 215 | @a127页@d19cm | |
| 606 | @a时间-相对论 | |
| 606 | @a相对论-时间 | |
| 690 | @aO412.1@v3 | |
| 701 | 0 | @a威特罗@Awei te luo@4著 |
| 702 | 0 | @a邝桃生@Akuang tao sheng@4译 |
| 702 | 0 | @a文荆江@Awen jing jiang@4译 |
| 801 | 0 | @aCN@bTSSF@c20060817 |
| 801 | 2 | @aCN@bNLC@c20060817 |
| 905 | @a10447@dO412.1@e18 | |
| 时间的本质/(英)G·J·威特罗著/文荆江,邝桃生译.-北京:科学出版社,1982 |
| 127页;19cm |
| ISBN :CNY0.55 |
| ● |
| 相关链接 |
|
|
|
|
正题名:时间的本质
索取号:O412.1/18
 
预约/预借
| 序号 | 登录号 | 条形码 | 馆藏地/架位号 | 状态 | 备注 |
| 1 | 0420351 | 204203511 | 密集书库/ [索取号:O412.1/18] | 在馆 | |
| 2 | 0421504 | 204215045 | 密集书库/ [索取号:O412.1/18] | 在馆 | |
| 3 | 0421505 | 204215054 | 密集书库/ [索取号:O412.1/18] | 在馆 | |
| 4 | 0468466 | 204684662 | 密集书库/ [索取号:O412.1/18] | 在馆 | |
| 5 | 0468504 | 204685046 | 密集书库/ [索取号:O412.1/18] | 在馆 |